Movies Quiz

Random Movies or Clickable Quiz
Score 0/34 Timer 03:00
3 Plays Today
% Correct
Sweet
96%
Ace
95.5%
Fair
94.7%
Hot
94.7%
Good
93.5%
Dynamite
93.3%
Wild
91.8%
Great
91.6%
Amazing
91.3%
Legend
90.6%
Cool
90.6%
Choice
90.4%
Blazing
90.1%
Perfect
90%
Best
89.1%
Reasonable
88.5%
Killer
88.4%
% Correct
Extraordinary
87.5%
Greatest
87%
Finest
84.2%
Fine
84%
Magnificent
83.3%
Excellent
82.4%
Grand
82.4%
Wonderful
80.9%
Fantastic
80.5%
Spirited
79.8%
Super
79.1%
Divine
74.4%
Incredible
72.3%
Fabulous
70.4%
Glorious
63.7%
Heavenly
61%
Admirable
49.1%
Remove Ads.
Support Sporcle.
Get the best of Sporcle when you Go Orange. This ad-free experience offers more features, more stats, and more fun while also helping to support Sporcle. Thank you for becoming a member.

You're not logged in!

Compare scores with friends on all Sporcle quizzes.
OR
Log In

Show Comments

Extras

Top Quizzes Today


Score Distribution

Your Account Isn't Verified!

In order to create a playlist on Sporcle, you need to verify the email address you used during registration. Go to your Sporcle Settings to finish the process.

Report this User

Report this user for behavior that violates our Community Guidelines.

Details: